000 01403na a2200337 4500
001 15206
003 MIRAKIL
005 20181213155228.0
008 160920b tu 000 0
020 _a9751918499
035 _a15206
040 _aMilas
_btur
_cTR-AnCHP
041 _atur
_aeng
082 _a304.6021 1990 TÜRKİYE
_bT95g 1997
090 _a304.6021 1990 TÜRKİYE T95g 1997
110 _aTürkiye İstatistik Kurumu (TÜİK)
222 _aGenel nüfus sayımı 1990
245 _a1990 genel nüfus sayımı
_bDaimi ikametgaha göre iç göçün sosyal ve ekonomik nitelikleri = 1990 census of population : social and economic characteristics of internal migration by permanent residence
_cDevlet İstatistik Enstitüsü
246 _aDaimi ikametgaha göre iç göçün sosyal ve ekonomik nitelikleri
246 _a1990 census of population
260 _aAnkara
_bDevlet İstatistik Enstitüsü (DİE)
_c1997
300 _axvi, 199 s.
_btbl.
_c30 sm.
500 _aKurumun yeni adı: Türkiye İstatistik Kurumu (TÜİK)
546 _aMetinler Türkçe-İngilizce karşılıklıdır.
650 _aSosyo ekonomik göstergeler
_x1990
_zTürkiye
650 _aNüfus sayımları
_x1990
_zTürkiye
651 _aTürkiye
_xEkonomik durum
_yİstatistikler
651 _aTürkiye
_xSosyal durum
_yİstatistikler
651 _aTürkiye
_xNüfus sayımı, 1990
942 _2ddc
_cBKS
999 _c8922
_d8922